000 00314nam a2200133 i 4500
001 bg
100 1 _aKRAJWEWSKI, Stefan
245 0 _aProcesy innowacyjne w przemyƛle /
_cS. Krajewski.
260 _aWarszawa,
_c1985.
040 _cBPK
041 _apol
942 _cKS
008 s pl f |000 0 pol
999 _c1281
_d1281
856 _uhttp://koha.tu.koszalin.pl/cgi-bin/koha/opac-detail.pl?biblionumber=1281
_yKatalog online BPK